| 000 | 00536nam a22001577a 4500 | ||
|---|---|---|---|
| 999 |
_c18832 _d18832 |
||
| 003 | AR-CdUCM | ||
| 008 | 190515b ||||| |||| 00| 0 sp d | ||
| 040 |
_aMUNICIPALIDAD PROVINCIAL DEL CUSCO _cBIBLIOTECA MUNICIPAL DEL CUSCO |
||
| 082 |
_a918.5 / _bT178 |
||
| 100 |
_aTarazona S, Justino _920988 |
||
| 245 |
_aDemarcación política del Perú : _brecopilación de leyes y decretos 1821-1967 / |
||
| 260 |
_aLima : _bMinisterio de Hacineda y Comercio, _c1968. |
||
| 300 |
_a906 páginas ; _c26 cm. |
||
| 942 |
_2ddc _cLIBROS |
||
| 945 | _awfj | ||